000 00751nam a2200217 a 4500
001 000010493
005 20240412074219.0
008 091007s1981 dr a 000 p spa d
040 _aDO-SdBNP
_bspa
_cBNPHU
082 _aRD861.44
_bL817y, 1981
100 1 _aLockward Artiles, Antonio,
_d1943-
_918823
245 1 0 _aYo canto al tanque de lastre del Regina Express /
_cAntonio Lockward Artiles.
250 _a2a ed.
260 _aSanto Domingo :
_bCosmos,
_c1981.
300 _a60 p. :
_bil. ;
_c20 cm.
590 _aPerteneció a la biblioteca personal de Juan Isidro Jimenes Grullón
590 _aInventariado, 2018/LP
650 0 _aPoesía dominicana
_966
650 0 _aLiteratura dominicana.
_967
910 _aValidado. Control de calidad BNPHU.
999 _c10252
_d10252